Historia de la familia europea
Salvato in:
| Autori principali: | , |
|---|---|
| Natura: | Libro |
| Lingua: | spagnolo |
| Pubblicazione: |
Barcelona
Paidós
2003
|
| Serie: | Paidós Orígenes, 37
|
| Soggetti: | |
| Tags: |
Aggiungi Tag
Nessun Tag, puoi essere il primo ad aggiungerne!!
|
MARC
| LEADER | 00000nam a2200000 a 4500 | ||
|---|---|---|---|
| 001 | UCL3732 | ||
| 003 | CL-VaPUC | ||
| 008 | 031205e20030000SP |||||||||||||||||spa|d | ||
| 020 | |a 8449313708 | ||
| 082 | 0 | 4 | |a 306.8 |b KER |2 21 |
| 100 | |a Kertzer, David I |e author |9 481137 | ||
| 700 | 0 | |a Barbagli, Marzio |e author |9 481138 | |
| 245 | 1 | 0 | |a Historia de la familia europea |
| 300 | |a v | ||
| 942 | |c BK | ||
| 945 | |d 20031205 00:00:00 |a cmena | ||
| 260 | |a Barcelona |b Paidós |c 2003 | ||
| 500 | |a v.2: La vida familiar desde la Revolución Francesa hasta la Primera Guerra Mundial, 1789-1913 | ||
| 650 | 0 | |a Familias |9 255641 | |
| 650 | 7 | |a MEDIO FAMILIAR |2 CL-VaPUC |9 337153 | |
| 650 | 0 | |a Vida familiar |9 308049 | |
| 650 | 7 | |a RELACIONES FAMILIARES |2 CL-VaPUC |9 333100 | |
| 650 | 7 | |a ESTRUCTURA SOCIAL |2 CL-VaPUC |9 481139 | |
| 650 | 0 | |a Antropología social |9 306264 | |
| 651 | 0 | |a Europa |9 255156 | |
| 583 | |a last modification |c 20031205 00:00:00 |k Rodrigo Vera | ||
| 490 | 0 | |a Paidós Orígenes, 37 | |
| 999 | |c 306741 |d 306739 | ||
| 952 | |0 0 |1 0 |4 0 |6 306_800000000000000_KER_2003 |7 0 |8 A |9 372003 |a BIBHIS |b BIBHIS |d 2019-11-21 |i 3973069 |o 306.8 KER 2003 |p 3973069 |r 2025-01-20 |w 2019-11-21 |y BK |k MHI | ||